[Event "23rd ETCC Women 2021"]
[Site "Catez"]
[Date "2021.11.20"]
[Round "8.28"]
[White "Aydin, Gulenay"]
[Black "Lubbe, Melanie"]
[Result "0-1"]
[WhiteElo "2114"]
[BlackElo "2311"]
[Annotator "NA"]
[PlyCount "80"]
[EventDate "2021.11.08"]
[EventType "team-tourn"]
[EventCountry "SLO"]
[SourceTitle "playchess.com"]
[Source "ChessBase"]
[SourceQuality "1"]
[WhiteTeam "Turkey"]
[BlackTeam "Germany"]
[WhiteTeamCountry "TUR"]
[BlackTeamCountry "GER"]
[TimeControl "40/5400+30:1800+30"]

1. e4 {[%emt 0:00:07]} c5 {[%emt 0:00:05]} 2. Nf3 {[%emt 0:00:05]} d6 {[%emt 0:
00:06]} 3. d4 {[%emt 0:00:06]} cxd4 {[%emt 0:00:04]} 4. Nxd4 {[%emt 0:00:05]}
Nf6 {[%emt 0:00:06]} 5. Nc3 {[%emt 0:00:06]} Nc6 {[%emt 0:00:08]} 6. Bg5 {
[%emt 0:00:33]} e6 {[%emt 0:00:15]} 7. Qd2 {[%emt 0:01:26]} Be7 {[%emt 0:00:17]
} 8. Bxf6 {[%emt 0:04:34]} Bxf6 {[%emt 0:01:27]} 9. Nb3 {[%emt 0:08:07]} O-O {
[%emt 0:02:01]} 10. O-O-O {[%emt 0:03:13]} Qb6 {[%emt 0:12:13]} 11. f4 {
[%emt 0:10:35]} Rd8 {[%emt 0:11:03]} 12. g4 {[%emt 0:04:49]} Bd7 {[%emt 0:11:
01]} 13. g5 {[%emt 0:09:44]} Bxc3 {[%emt 0:00:41]} 14. Qxc3 {[%emt 0:00:11]}
Rac8 {[%emt 0:14:47]} 15. a3 {[%emt 0:24:27]} Ne7 {[%emt 0:01:50]} 16. Qf3 {
[%emt 0:14:35]} d5 {[%emt 0:05:10]} 17. e5 {[%emt 0:03:42]} Nf5 {[%emt 0:01:50]
} 18. Rd2 {[%emt 0:04:59]} d4 {[%emt 0:06:30]} 19. Qd3 {[%emt 0:04:13]} Bc6 {
[%emt 0:04:44]} 20. Rg1 {[%emt 0:00:33]} Bd5 {[%emt 0:01:35]} 21. Na1 {[%emt 0:
03:22]} Bc4 {[%emt 0:04:14]} 22. Qxc4 {[%emt 0:00:32]} Rxc4 {[%emt 0:00:07]}
23. Bxc4 {[%emt 0:00:03]} d3 {[%emt 0:05:54]} 24. Re1 {[%emt 0:00:17]} Qd4 {
[%emt 0:03:08]} 25. Bxd3 {[%emt 0:01:13]} Qxf4 {[%emt 0:00:13]} 26. Nb3 {
[%emt 0:00:25]} Qxg5 {[%emt 0:02:04]} 27. Kb1 {[%emt 0:01:01]} Nd4 {[%emt 0:06:
12]} 28. Bxh7+ {[%emt 0:00:34]} Kxh7 {[%emt 0:00:05]} 29. Rxd4 {[%emt 0:00:05]}
Rxd4 {[%emt 0:00:42]} 30. Nxd4 {[%emt 0:00:02]} Qd2 {[%emt 0:02:15]} 31. Re4 {
[%emt 0:00:05]} Qxh2 {[%emt 0:00:28]} 32. Ka2 {[%emt 0:00:15]} g5 {[%emt 0:00:
44]} 33. c3 {[%emt 0:01:00]} Qg2 {[%emt 0:01:14]} 34. Re2 {[%emt 0:00:28]} Qd5+
{[%emt 0:00:05]} 35. Kb1 {[%emt 0:00:19]} g4 {[%emt 0:00:36]} 36. Kc2 {[%emt 0:
01:12]} g3 {[%emt 0:01:05]} 37. Re3 {[%emt 0:00:49]} Qg2+ {[%emt 0:01:33]} 38.
Kb3 {[%emt 0:00:11]} Qg1 {[%emt 0:01:21]} 39. Rf3 {[%emt 0:00:34]} g2 {[%emt 0:
00:52]} 40. Rxf7+ {[%emt 0:00:17]} Kg8 {[%emt 0:00:16]} 0-1

[Event "23rd ETCC Women 2021"]
[Site "Catez"]
[Date "2021.11.20"]
[Round "8.29"]
[White "Injac, Teodora"]
[Black "Hapala, Elisabeth"]
[Result "1-0"]
[WhiteElo "2387"]
[BlackElo "2139"]
[Annotator "NA"]
[PlyCount "71"]
[EventDate "2021.11.08"]
[EventType "team-tourn"]
[EventCountry "SLO"]
[SourceTitle "playchess.com"]
[Source "ChessBase"]
[SourceQuality "1"]
[WhiteTeam "Serbia"]
[BlackTeam "Austria"]
[WhiteTeamCountry "SRB"]
[BlackTeamCountry "AUT"]
[TimeControl "40/5400+30:1800+30"]

1. Nf3 {[%emt 0:00:04]} Nf6 {[%emt 0:00:05]} 2. g3 {[%emt 0:00:30]} d5 {
[%emt 0:00:14]} 3. Bg2 {[%emt 0:00:22]} Bf5 {[%emt 0:00:05]} 4. O-O {[%emt 0:
01:22]} e6 {[%emt 0:00:13]} 5. c4 {[%emt 0:01:26]} c6 {[%emt 0:00:43]} 6. Qb3 {
[%emt 0:02:00]} Qb6 {[%emt 0:00:32]} 7. d3 {[%emt 0:00:00]} Nbd7 {[%emt 0:03:
20]} 8. Be3 {[%emt 0:00:47]} Bc5 {[%emt 0:00:06]} 9. Bxc5 {[%emt 0:03:43]} Nxc5
{[%emt 0:00:16]} 10. Qc3 {[%emt 0:01:11]} O-O {[%emt 0:14:28]} 11. b4 {[%emt 0:
03:09]} Ncd7 {[%emt 0:00:20]} 12. Nbd2 {[%emt 0:01:13]} h6 {[%emt 0:05:47]} 13.
Nb3 {[%emt 0:07:24]} Rfe8 {[%emt 0:08:59]} 14. a4 {[%emt 0:03:54]} e5 {[%emt 0:
05:11]} 15. a5 {[%emt 0:02:06]} Qd8 {[%emt 0:02:35]} 16. a6 {[%emt 0:03:51]} b6
{[%emt 0:00:39]} 17. Rfc1 {[%emt 0:10:56]} Rc8 {[%emt 0:09:06]} 18. Qd2 {
[%emt 0:10:57]} Qe7 {[%emt 0:04:11]} 19. c5 {[%emt 0:17:43]} b5 {[%emt 0:15:24]
} 20. Na5 {[%emt 0:00:20]} Rf8 {[%emt 0:00:38]} 21. Nb7 {[%emt 0:05:36]} Ne8 {
[%emt 0:00:27]} 22. e4 {[%emt 0:02:22]} Be6 {[%emt 0:04:04]} 23. exd5 {[%emt 0:
02:50]} Bxd5 {[%emt 0:00:10]} 24. Re1 {[%emt 0:00:14]} f6 {[%emt 0:18:10]} 25.
Nh4 {[%emt 0:00:38]} Qf7 {[%emt 0:04:57]} 26. Be4 {[%emt 0:00:28]} Bxe4 {
[%emt 0:00:58]} 27. dxe4 {[%emt 0:00:27]} Nb8 {[%emt 0:00:20]} 28. Nf5 {
[%emt 0:00:40]} Rc7 {[%emt 0:01:29]} 29. Red1 {[%emt 0:03:36]} Rd7 {[%emt 0:00:
31]} 30. Qe2 {[%emt 0:01:58]} Rxd1+ {[%emt 0:00:31]} 31. Rxd1 {[%emt 0:01:53]}
Nc7 {[%emt 0:00:56]} 32. Nd8 {[%emt 0:02:29]} Qb3 {[%emt 0:00:03]} 33. Qg4 {
[%emt 0:00:41]} Ne8 {[%emt 0:00:54]} 34. Nxh6+ {[%emt 0:01:00]} Kh7 {[%emt 0:
00:02]} 35. Nf5 {[%emt 0:00:51]} g6 {[%emt 0:01:03]} 36. Ne7 {[%emt 0:01:42]}
1-0

[Event "23rd ETCC Women 2021"]
[Site "Catez"]
[Date "2021.11.20"]
[Round "8.30"]
[White "Teuschler, Barbara"]
[Black "Eric, Jovana"]
[Result "1/2-1/2"]
[WhiteElo "2115"]
[BlackElo "2253"]
[Annotator "NA"]
[PlyCount "86"]
[EventDate "2021.11.08"]
[EventType "team-tourn"]
[EventCountry "SLO"]
[SourceTitle "playchess.com"]
[Source "ChessBase"]
[SourceQuality "1"]
[WhiteTeam "Austria"]
[BlackTeam "Serbia"]
[WhiteTeamCountry "AUT"]
[BlackTeamCountry "SRB"]
[TimeControl "40/5400+30:1800+30"]

1. d4 {[%emt 0:00:01]} Nf6 {[%emt 0:00:10]} 2. Bf4 {[%emt 0:00:04]} d5 {
[%emt 0:00:16]} 3. e3 {[%emt 0:00:19]} c5 {[%emt 0:00:26]} 4. Nc3 {[%emt 0:00:
11]} a6 {[%emt 0:01:27]} 5. dxc5 {[%emt 0:00:15]} Nc6 {[%emt 0:00:18]} 6. Nf3 {
[%emt 0:01:24]} e6 {[%emt 0:00:48]} 7. Na4 {[%emt 0:01:25]} Bxc5 {[%emt 0:02:
54]} 8. Nxc5 {[%emt 0:00:00]} Qa5+ {[%emt 0:01:30]} 9. c3 {[%emt 0:00:45]} Qxc5
{[%emt 0:00:00]} 10. Bd3 {[%emt 0:06:04]} O-O {[%emt 0:01:44]} 11. O-O {
[%emt 0:00:21]} h6 {[%emt 0:03:32]} 12. Ne5 {[%emt 0:09:00]} Qe7 {[%emt 0:04:
16]} 13. Qf3 {[%emt 0:06:23]} Nxe5 {[%emt 0:05:49]} 14. Bxe5 {[%emt 0:00:49]}
Nd7 {[%emt 0:00:18]} 15. Bg3 {[%emt 0:00:34]} Nc5 {[%emt 0:05:31]} 16. Bc2 {
[%emt 0:02:37]} Bd7 {[%emt 0:02:40]} 17. b4 {[%emt 0:12:59]} Na4 {[%emt 0:00:
32]} 18. e4 {[%emt 0:00:11]} Rfc8 {[%emt 0:25:28]} 19. Bxa4 {[%emt 0:03:22]}
Bxa4 {[%emt 0:00:23]} 20. exd5 {[%emt 0:00:16]} exd5 {[%emt 0:00:20]} 21. Rfe1
{[%emt 0:04:31]} Qd7 {[%emt 0:03:51]} 22. Be5 {[%emt 0:03:24]} f6 {[%emt 0:02:
45]} 23. Bd4 {[%emt 0:01:26]} Re8 {[%emt 0:03:23]} 24. Qg3 {[%emt 0:06:47]} Qf7
{[%emt 0:00:42]} 25. f3 {[%emt 0:04:12]} Bb5 {[%emt 0:04:17]} 26. a4 {[%emt 0:
01:05]} Bc4 {[%emt 0:00:17]} 27. h3 {[%emt 0:02:30]} Kh7 {[%emt 0:01:33]} 28.
a5 {[%emt 0:03:05]} Qd7 {[%emt 0:02:17]} 29. Qf2 {[%emt 0:00:21]} Qf5 {[%emt 0:
04:29]} 30. Qg3 {[%emt 0:01:32]} Bb5 {[%emt 0:03:36]} 31. Qc7 {[%emt 0:05:30]}
Bc6 {[%emt 0:02:00]} 32. Qg3 {[%emt 0:01:21]} Rac8 {[%emt 0:03:07]} 33. Kh2 {
[%emt 0:01:47]} Qg5 {[%emt 0:02:30]} 34. Qxg5 {[%emt 0:02:47]} hxg5 {[%emt 0:
00:04]} 35. Kg3 {[%emt 0:01:40]} Kg6 {[%emt 0:00:30]} 36. Kf2 {[%emt 0:05:24]}
Kf5 {[%emt 0:01:53]} 37. Rxe8 {[%emt 0:00:34]} Rxe8 {[%emt 0:00:05]} 38. Re1 {
[%emt 0:00:01]} Rxe1 39. Kxe1 {[%emt 0:00:01]} Bb5 {[%emt 0:01:21]} 40. Kf2 {
[%emt 0:00:21]} Bc6 {[%emt 0:00:15]} 41. Ke3 {[%emt 0:31:08]} Bb5 {[%emt 0:30:
16]} 42. Kf2 {[%emt 0:00:09]} Bc6 {[%emt 0:00:07]} 43. Ke3 {[%emt 0:00:06]} Bb5
{[%emt 0:00:04]} 1/2-1/2

[Event "23rd ETCC Women 2021"]
[Site "Catez"]
[Date "2021.11.20"]
[Round "8.31"]
[White "Manakova, Maria"]
[Black "Froewis, Annika"]
[Result "1-0"]
[WhiteElo "2289"]
[BlackElo "2079"]
[Annotator "NA"]
[PlyCount "125"]
[EventDate "2021.11.08"]
[EventType "team-tourn"]
[EventCountry "SLO"]
[SourceTitle "playchess.com"]
[Source "ChessBase"]
[SourceQuality "1"]
[WhiteTeam "Serbia"]
[BlackTeam "Austria"]
[WhiteTeamCountry "SRB"]
[BlackTeamCountry "AUT"]
[TimeControl "40/5400+30:1800+30"]

1. e4 {[%emt 0:00:04]} e5 {[%emt 0:00:05]} 2. Nf3 {[%emt 0:00:10]} Nc6 {
[%emt 0:00:04]} 3. Bc4 {[%emt 0:00:08]} Bc5 {[%emt 0:00:06]} 4. c3 {[%emt 0:00:
10]} Nf6 {[%emt 0:00:05]} 5. d3 {[%emt 0:00:08]} a6 {[%emt 0:00:27]} 6. Nbd2 {
[%emt 0:01:45]} O-O {[%emt 0:02:50]} 7. O-O {[%emt 0:04:54]} Ba7 {[%emt 0:01:
00]} 8. h3 {[%emt 0:00:58]} d6 {[%emt 0:00:35]} 9. Bb3 {[%emt 0:00:06]} h6 {
[%emt 0:05:17]} 10. Re1 {[%emt 0:00:28]} Re8 {[%emt 0:00:21]} 11. Nf1 {[%emt 0:
00:14]} Be6 {[%emt 0:00:51]} 12. Bc2 {[%emt 0:00:05]} Ne7 {[%emt 0:06:43]} 13.
N3h2 {[%emt 0:06:46]} Ng6 {[%emt 0:04:31]} 14. Qf3 {[%emt 0:00:15]} Nh7 {
[%emt 0:03:55]} 15. Be3 {[%emt 0:11:03]} c6 {[%emt 0:15:07]} 16. d4 {[%emt 0:
03:33]} c5 {[%emt 0:06:30]} 17. d5 {[%emt 0:05:17]} Bd7 {[%emt 0:00:10]} 18. c4
{[%emt 0:00:15]} b5 {[%emt 0:00:48]} 19. b3 {[%emt 0:00:05]} b4 {[%emt 0:10:35]
} 20. Ng3 {[%emt 0:11:50]} Ng5 {[%emt 0:02:54]} 21. Qd1 {[%emt 0:02:08]} Bb6 {
[%emt 0:12:58]} 22. Nf5 {[%emt 0:02:18]} Bc7 {[%emt 0:02:42]} 23. Qg4 {[%emt 0:
06:48]} Nh7 {[%emt 0:03:04]} 24. Qf3 {[%emt 0:07:53]} Nh4 {[%emt 0:03:12]} 25.
Qg3 {[%emt 0:02:11]} Nxf5 {[%emt 0:04:51]} 26. exf5 {[%emt 0:00:07]} Kh8 {
[%emt 0:00:40]} 27. Qf3 {[%emt 0:05:39]} Rg8 {[%emt 0:03:03]} 28. g4 {[%emt 0:
01:44]} a5 {[%emt 0:01:09]} 29. Qg3 {[%emt 0:00:40]} a4 {[%emt 0:04:05]} 30. h4
{[%emt 0:00:28]} Qc8 {[%emt 0:01:33]} 31. Qf3 {[%emt 0:00:59]} Bd8 {[%emt 0:00:
56]} 32. Qg3 {[%emt 0:10:32]} Be7 {[%emt 0:00:32]} 33. Nf3 {[%emt 0:02:00]} Ra6
{[%emt 0:01:48]} 34. Qh3 {[%emt 0:04:03]} Ra8 {[%emt 0:01:55]} 35. Kh2 {
[%emt 0:05:48]} Ra6 {[%emt 0:00:59]} 36. Rg1 {[%emt 0:00:12]} Ra8 {[%emt 0:00:
29]} 37. Qf1 {[%emt 0:02:47]} Ra6 {[%emt 0:01:13]} 38. Qd1 {[%emt 0:01:01]} Ra5
{[%emt 0:00:47]} 39. bxa4 {[%emt 0:00:51]} Qa6 {[%emt 0:00:29]} 40. Qd3 {
[%emt 0:02:56]} Bxa4 {[%emt 0:00:34]} 41. g5 {[%emt 0:02:02]} Bxc2 {[%emt 0:01:
45]} 42. Qxc2 {[%emt 0:04:28]} Ra3 {[%emt 0:01:28]} 43. Nd2 {[%emt 0:04:45]}
Rxe3 {[%emt 0:11:44]} 44. fxe3 {[%emt 0:00:09]} hxg5 {[%emt 0:00:04]} 45. hxg5
{[%emt 0:04:24]} Bxg5 {[%emt 0:00:11]} 46. Qd3 {[%emt 0:04:34]} Ra8 {[%emt 0:
04:27]} 47. Ne4 {[%emt 0:00:27]} Bh6 {[%emt 0:00:09]} 48. Rg2 {[%emt 0:06:14]}
Qb6 {[%emt 0:03:51]} 49. Rb1 {[%emt 0:04:15]} Qd8 {[%emt 0:00:44]} 50. Kg1 {
[%emt 0:00:12]} Qd7 {[%emt 0:00:42]} 51. Rb3 {[%emt 0:00:51]} Ra6 {[%emt 0:01:
56]} 52. Qf1 {[%emt 0:00:29]} Qd8 {[%emt 0:04:10]} 53. Qf2 {[%emt 0:00:06]} f6
{[%emt 0:02:29]} 54. Qf3 {[%emt 0:00:58]} Ng5 {[%emt 0:02:33]} 55. Nxg5 {
[%emt 0:00:05]} Bxg5 {[%emt 0:00:06]} 56. Qh5+ {[%emt 0:00:35]} Kg8 {[%emt 0:
00:23]} 57. Rh2 {[%emt 0:01:06]} Bh6 {[%emt 0:00:23]} 58. Qg6 {[%emt 0:01:50]}
Kf8 {[%emt 0:00:11]} 59. Rxh6 {[%emt 0:00:32]} gxh6 {[%emt 0:00:02]} 60. Rb2 {
[%emt 0:00:34]} Ra7 {[%emt 0:01:29]} 61. Qxh6+ {[%emt 0:00:38]} Rg7+ {[%emt 0:
00:52]} 62. Rg2 {[%emt 0:00:04]} Qe7 {[%emt 0:00:09]} 63. Qh8+ {[%emt 0:00:06]}
1-0

[Event "23rd ETCC Women 2021"]
[Site "Catez"]
[Date "2021.11.20"]
[Round "8.32"]
[White "Mayrhuber, Nikola"]
[Black "Gajcin, Marina"]
[Result "0-1"]
[WhiteElo "2091"]
[BlackElo "2198"]
[Annotator "NA"]
[PlyCount "94"]
[EventDate "2021.11.08"]
[EventType "team-tourn"]
[EventCountry "SLO"]
[SourceTitle "playchess.com"]
[Source "ChessBase"]
[SourceQuality "1"]
[WhiteTeam "Austria"]
[BlackTeam "Serbia"]
[WhiteTeamCountry "AUT"]
[BlackTeamCountry "SRB"]
[TimeControl "40/5400+30:1800+30"]

1. d4 {[%emt 0:00:04]} Nf6 {[%emt 0:00:05]} 2. c4 {[%emt 0:00:04]} c5 {[%emt 0:
00:05]} 3. d5 {[%emt 0:00:25]} d6 {[%emt 0:00:11]} 4. Nc3 {[%emt 0:01:27]} g6 {
[%emt 0:00:28]} 5. e4 {[%emt 0:00:49]} Bg7 {[%emt 0:00:08]} 6. f4 {[%emt 0:00:
50]} O-O {[%emt 0:00:23]} 7. Nf3 {[%emt 0:00:09]} e6 {[%emt 0:00:05]} 8. dxe6 {
[%emt 0:05:37]} fxe6 {[%emt 0:00:12]} 9. Bd3 {[%emt 0:00:13]} Nh5 {[%emt 0:05:
18]} 10. Ne2 {[%emt 0:16:59]} Bh6 {[%emt 0:30:25]} 11. f5 {[%emt 0:24:55]} Bxc1
{[%emt 0:19:25]} 12. Qxc1 {[%emt 0:00:09]} exf5 {[%emt 0:01:18]} 13. Qh6 {
[%emt 0:03:52]} Nc6 {[%emt 0:05:23]} 14. O-O {[%emt 0:11:45]} f4 {[%emt 0:05:
17]} 15. Ng5 {[%emt 0:09:35]} Qe7 {[%emt 0:01:21]} 16. Ng3 {[%emt 0:02:29]} Qg7
{[%emt 0:03:45]} 17. Qxg7+ {[%emt 0:02:22]} Nxg7 {[%emt 0:00:19]} 18. Ne2 {
[%emt 0:00:54]} h6 {[%emt 0:01:28]} 19. Nf3 {[%emt 0:00:40]} g5 {[%emt 0:04:56]
} 20. Rad1 {[%emt 0:00:10]} Bg4 {[%emt 0:01:14]} 21. Bc2 {[%emt 0:02:50]} Rad8
{[%emt 0:00:55]} 22. Nc3 {[%emt 0:01:27]} Ne6 {[%emt 0:01:54]} 23. Rd5 {
[%emt 0:02:39]} Bxf3 {[%emt 0:01:38]} 24. gxf3 {[%emt 0:03:49]} Ned4 {[%emt 0:
00:05]} 25. Ba4 {[%emt 0:01:08]} Nb4 {[%emt 0:03:34]} 26. Rxd4 {[%emt 0:01:29]}
cxd4 {[%emt 0:00:01]} 27. Nb5 {[%emt 0:01:33]} Nc6 {[%emt 0:03:30]} 28. Rd1 {
[%emt 0:01:08]} Ne5 {[%emt 0:02:14]} 29. Nxd4 {[%emt 0:00:50]} Rf6 {[%emt 0:00:
50]} 30. Bb3 {[%emt 0:02:19]} Kh7 {[%emt 0:00:09]} 31. Kg2 {[%emt 0:00:53]} Rc8
{[%emt 0:00:33]} 32. Nf5 {[%emt 0:01:58]} Nxc4 {[%emt 0:01:02]} 33. Bxc4 {
[%emt 0:00:23]} Rxc4 {[%emt 0:00:02]} 34. Nxd6 {[%emt 0:00:46]} Rc2+ {[%emt 0:
00:07]} 35. Kh3 {[%emt 0:00:16]} Rxb2 {[%emt 0:01:08]} 36. Nc4 {[%emt 0:00:18]}
Rxa2 {[%emt 0:03:46]} 37. Rd7+ {[%emt 0:00:05]} Kg8 {[%emt 0:00:12]} 38. Rxb7 {
[%emt 0:00:29]} h5 {[%emt 0:00:46]} 39. Rb5 {[%emt 0:01:01]} Rg6 {[%emt 0:00:
31]} 40. Ne5 {[%emt 0:00:49]} Rb6 {[%emt 0:02:54]} 41. Rd5 {[%emt 0:03:36]}
Rbb2 {[%emt 0:00:23]} 42. Rd8+ {[%emt 0:00:23]} Kg7 {[%emt 0:00:01]} 43. Rd7+ {
[%emt 0:00:47]} Kf8 {[%emt 0:00:17]} 44. Rd8+ {[%emt 0:00:43]} Ke7 {[%emt 0:01:
39]} 45. Nc6+ {[%emt 0:00:09]} Ke6 {[%emt 0:00:32]} 46. Nd4+ {[%emt 0:01:20]}
Kf7 {[%emt 0:00:09]} 47. Rd7+ {[%emt 0:02:27]} Ke8 {[%emt 0:00:11]} 0-1

[Event "23rd ETCC Women 2021"]
[Site "Catez"]
[Date "2021.11.20"]
[Round "8.33"]
[White "Pilsova, Karolina"]
[Black "Brunello, Marina"]
[Result "1/2-1/2"]
[WhiteElo "2281"]
[BlackElo "2359"]
[Annotator "NA"]
[PlyCount "91"]
[EventDate "2021.11.08"]
[EventType "team-tourn"]
[EventCountry "SLO"]
[SourceTitle "playchess.com"]
[Source "ChessBase"]
[SourceQuality "1"]
[WhiteTeam "Czech Republic"]
[BlackTeam "Italy"]
[WhiteTeamCountry "CZE"]
[BlackTeamCountry "ITA"]
[TimeControl "40/5400+30:1800+30"]

1. e4 c5 2. Nf3 d6 3. Bb5+ Nd7 4. Ba4 Ngf6 5. O-O g6 6. Re1 Bg7 7. c4 {[%emt 0:
07:54]} O-O {[%emt 0:42:37]} 8. h3 {[%emt 0:00:49]} Nh5 {[%emt 0:00:00]} 9. Nc3
{[%emt 0:10:03]} Ne5 {[%emt 0:00:00]} 10. d3 {[%emt 0:06:28]} Nxf3+ {[%emt 0:
00:00]} 11. Qxf3 {[%emt 0:00:03]} f5 {[%emt 0:00:00]} 12. exf5 {[%emt 0:10:55]}
Rxf5 {[%emt 0:00:00]} 13. Qe2 {[%emt 0:00:39]} Be5 {[%emt 0:00:00]} 14. Bh6 {
[%emt 0:09:58]} e6 {[%emt 0:11:23]} 15. Ne4 {[%emt 0:06:30]} Nf4 {[%emt 0:02:
38]} 16. Bxf4 {[%emt 0:10:48]} Rxf4 {[%emt 0:00:52]} 17. Qd2 {[%emt 0:05:45]}
Rf8 {[%emt 0:06:58]} 18. Re2 {[%emt 0:07:44]} Qc7 {[%emt 0:08:52]} 19. Nc3 {
[%emt 0:06:05]} a6 {[%emt 0:01:54]} 20. Re4 {[%emt 0:04:16]} Qf7 {[%emt 0:06:
39]} 21. Rf1 {[%emt 0:01:15]} Bd4 {[%emt 0:00:48]} 22. Ree1 {[%emt 0:02:16]} e5
{[%emt 0:06:32]} 23. Bd1 {[%emt 0:02:31]} Be6 {[%emt 0:00:31]} 24. Ne4 {
[%emt 0:01:03]} Qd7 {[%emt 0:01:28]} 25. Ng5 {[%emt 0:00:52]} Rf4 {[%emt 0:00:
05]} 26. Bf3 {[%emt 0:01:54]} Bf5 {[%emt 0:02:57]} 27. Bd5+ {[%emt 0:01:06]}
Kg7 {[%emt 0:00:38]} 28. g3 {[%emt 0:01:08]} h6 {[%emt 0:00:41]} 29. gxf4 {
[%emt 0:01:53]} hxg5 {[%emt 0:00:13]} 30. fxe5 {[%emt 0:00:35]} dxe5 {[%emt 0:
00:21]} 31. Qxg5 {[%emt 0:00:48]} Rh8 {[%emt 0:05:38]} 32. Bg2 {[%emt 0:01:50]}
Rh5 {[%emt 0:01:42]} 33. Qg3 {[%emt 0:00:08]} Bxh3 {[%emt 0:00:07]} 34. Re4 {
[%emt 0:01:01]} Qf5 {[%emt 0:01:28]} 35. Bxh3 {[%emt 0:00:44]} Rxh3 {[%emt 0:
00:05]} 36. Qg4 {[%emt 0:00:06]} Rxd3 {[%emt 0:00:25]} 37. Qxf5 {[%emt 0:00:35]
} gxf5 {[%emt 0:00:04]} 38. Re2 {[%emt 0:00:07]} Kf6 {[%emt 0:01:59]} 39. Kg2 {
[%emt 0:00:40]} e4 {[%emt 0:00:30]} 40. Rh1 {[%emt 0:00:58]} Kg6 {[%emt 0:01:
38]} 41. Rh3 {[%emt 0:12:04]} b5 {[%emt 0:06:28]} 42. b3 {[%emt 0:04:16]} Rd1 {
[%emt 0:02:19]} 43. Rh1 {[%emt 0:02:22]} Rd3 {[%emt 0:01:31]} 44. Rh3 {[%emt 0:
00:14]} Rd1 {[%emt 0:00:37]} 45. Rh1 {[%emt 0:01:16]} Rd3 {[%emt 0:07:42]} 46.
Rh3 {[%emt 0:01:40]} 1/2-1/2

[Event "23rd ETCC Women 2021"]
[Site "Catez"]
[Date "2021.11.20"]
[Round "8.34"]
[White "Zimina, Olga"]
[Black "Petrova, Kristyna"]
[Result "1/2-1/2"]
[WhiteElo "2339"]
[BlackElo "2275"]
[Annotator "NA"]
[PlyCount "138"]
[EventDate "2021.11.08"]
[EventType "team-tourn"]
[EventCountry "SLO"]
[SourceTitle "playchess.com"]
[Source "ChessBase"]
[SourceQuality "1"]
[WhiteTeam "Italy"]
[BlackTeam "Czech Republic"]
[WhiteTeamCountry "ITA"]
[BlackTeamCountry "CZE"]
[TimeControl "40/5400+30:1800+30"]

1. d4 Nf6 2. Nf3 e6 3. g3 d5 4. Bg2 Be7 5. c4 O-O 6. Nc3 Nbd7 {[%emt 0:06:58]}
7. cxd5 {[%emt 0:40:30]} exd5 {[%emt 0:01:46]} 8. O-O {[%emt 0:00:00]} c6 {
[%emt 0:01:35]} 9. Bf4 {[%emt 0:00:00]} Re8 {[%emt 0:00:43]} 10. Rc1 {[%emt 0:
00:00]} Nf8 {[%emt 0:00:58]} 11. Ne5 {[%emt 0:00:00]} Ng6 {[%emt 0:01:38]} 12.
Nxg6 {[%emt 0:00:00]} hxg6 {[%emt 0:00:39]} 13. Na4 {[%emt 0:00:00]} Bd6 {
[%emt 0:04:32]} 14. Bxd6 {[%emt 0:00:00]} Qxd6 {[%emt 0:00:02]} 15. Nc5 {
[%emt 0:00:00]} Qe7 {[%emt 0:16:05]} 16. Re1 {[%emt 0:00:00]} Ne4 {[%emt 0:01:
27]} 17. Nxe4 {[%emt 0:00:00]} dxe4 {[%emt 0:00:02]} 18. e3 {[%emt 0:00:00]}
Bf5 {[%emt 0:11:24]} 19. Rc5 {[%emt 0:00:00]} Qd7 {[%emt 0:00:34]} 20. Qc2 {
[%emt 0:00:00]} a5 {[%emt 0:12:11]} 21. a4 {[%emt 0:01:16]} Qe6 {[%emt 0:04:24]
} 22. Rc1 {[%emt 0:02:47]} Qd7 {[%emt 0:02:02]} 23. Qc3 {[%emt 0:12:27]} Qd8 {
[%emt 0:00:13]} 24. Qb3 {[%emt 0:07:09]} Qd7 {[%emt 0:01:33]} 25. Bf1 {[%emt 0:
03:56]} Reb8 {[%emt 0:06:14]} 26. Qc3 {[%emt 0:13:33]} Bh3 {[%emt 0:05:38]} 27.
Bxh3 {[%emt 0:03:40]} Qxh3 {[%emt 0:00:02]} 28. Rxa5 {[%emt 0:00:08]} Kh7 {
[%emt 0:04:41]} 29. b3 {[%emt 0:03:22]} f6 {[%emt 0:02:39]} 30. Rxa8 {[%emt 0:
02:05]} Rxa8 {[%emt 0:00:02]} 31. Qb4 {[%emt 0:00:41]} Qd7 {[%emt 0:00:55]} 32.
h4 {[%emt 0:03:22]} Kh6 {[%emt 0:02:07]} 33. Qc5 {[%emt 0:01:42]} Rh8 {[%emt 0:
01:07]} 34. Kg2 {[%emt 0:01:21]} Qg4 {[%emt 0:01:52]} 35. Qe7 {[%emt 0:02:54]}
Qf3+ {[%emt 0:01:15]} 36. Kg1 {[%emt 0:00:05]} g5 {[%emt 0:00:23]} 37. h5 {
[%emt 0:01:39]} Kxh5 {[%emt 0:07:54]} 38. Qxg7 {[%emt 0:00:08]} Rh6 {[%emt 0:
01:47]} 39. b4 {[%emt 0:01:09]} Qf5 {[%emt 0:01:32]} 40. Kg2 {[%emt 0:04:49]}
Qf3+ {[%emt 0:00:15]} 41. Kg1 {[%emt 0:30:04]} Qf5 {[%emt 0:32:26]} 42. b5 {
[%emt 0:00:00]} cxb5 {[%emt 0:00:00]} 43. axb5 {[%emt 0:00:00]} b6 {[%emt 0:00:
00]} 44. d5 {[%emt 0:00:00]} Rh7 {[%emt 0:00:00]} 45. Qg8 {[%emt 0:00:00]} Kg4
{[%emt 0:00:00]} 46. Qe6 {[%emt 0:00:00]} Qxe6 {[%emt 0:00:00]} 47. dxe6 {
[%emt 0:00:00]} Kf5 {[%emt 0:00:00]} 48. Rc6 {[%emt 0:00:00]} g4 {[%emt 0:00:
00]} 49. Rxb6 {[%emt 0:00:00]} Re7 {[%emt 0:00:00]} 50. Kf1 {[%emt 0:00:00]}
Ke5 {[%emt 0:00:00]} 51. Ke2 {[%emt 0:00:35]} Kd5 {[%emt 0:00:00]} 52. Rc6 {
[%emt 0:00:34]} f5 {[%emt 0:00:00]} 53. Kd2 {[%emt 0:00:56]} Rb7 {[%emt 0:01:
06]} 54. e7 {[%emt 0:01:15]} Rxe7 {[%emt 0:00:01]} 55. Kc3 {[%emt 0:00:04]} Ra7
{[%emt 0:01:43]} 56. Ra6 {[%emt 0:01:20]} Rc7+ {[%emt 0:00:29]} 57. Rc6 {
[%emt 0:02:46]} Rxc6+ {[%emt 0:01:56]} 58. bxc6 {[%emt 0:00:05]} Kxc6 {[%emt 0:
00:01]} 59. Kc4 {[%emt 0:00:05]} Kd6 {[%emt 0:00:04]} 60. Kb4 {[%emt 0:00:44]}
Kc6 {[%emt 0:00:28]} 61. Kc4 {[%emt 0:00:12]} Kd6 {[%emt 0:00:06]} 62. Kd4 {
[%emt 0:00:06]} Ke6 {[%emt 0:00:07]} 63. Kc5 {[%emt 0:00:12]} Ke5 {[%emt 0:00:
04]} 64. Kb4 {[%emt 0:00:27]} Kd6 {[%emt 0:00:56]} 65. Kb5 {[%emt 0:00:13]} Kd5
{[%emt 0:00:07]} 66. Kb4 {[%emt 0:00:12]} Kd6 {[%emt 0:00:05]} 67. Kc4 {
[%emt 0:00:59]} Kc6 {[%emt 0:00:07]} 68. Kd4 {[%emt 0:00:04]} Kd6 {[%emt 0:00:
04]} 69. Kc4 {[%emt 0:00:31]} Ke5 {[%emt 0:00:34]} 1/2-1/2